Scientific Realism and Human Emancipation
Αποθηκεύτηκε σε:
| Κύριος συγγραφέας: | |
|---|---|
| Μορφή: | Βιβλίο |
| Γλώσσα: | English |
| Δημοσίευση: |
London :
Verso,
1987
|
| Θέματα: | |
| Ετικέτες: |
Προσθήκη ετικέτας
Δεν υπάρχουν, Καταχωρήστε ετικέτα πρώτοι!
|
MARC
| LEADER | 00000nam a2200000 i 4500 | ||
|---|---|---|---|
| 001 | 1/54830 | ||
| 008 | 941103s1987 eng d | ||
| 020 | |a 0-86091-853-X | ||
| 035 | |a 1993 |c ΤΣΙΒΑΚΟΥ |l 10045108 | ||
| 040 | |a GR-MY-UA |b gre |e aacr | ||
| 041 | 0 | |a eng | |
| 082 | 0 | |a 100 | |
| 100 | 1 | |a Bhaskar, Roy |d 1944- | |
| 245 | 1 | 0 | |a Scientific Realism and Human Emancipation / |c Roy Bhaskar |
| 260 | |a London : |b Verso, |c 1987 | ||
| 300 | |a 308 p.; |c 20 cm.+ | ||
| 650 | 0 | 0 | |a Philosophy. |
| 650 | 0 | 0 | |a Naturalism. |
| 650 | 0 | 0 | |a Realism. |
| 852 | |a INST |b SAMOS |e 19941103 |h 100 BHA |p 005300003649 |q 005300003649 |t BK |y 0 | ||
| 909 | |a Σ |b 025242 | ||